Logo BPK

Bibliografia Prac Pracowników

Politechniki Koszalińskiej

Dowodzenie według procedur NATO : (Rekord nr 388)

Szczegóły MARC
000 -ETYKIETA REKORDU
podpole kontrolne o stałej długości 01228nab a2200205 i 4500
001 - NUMER KONTROLNY REKORDU
podpole kontrolne BPP
003 - IDENTYFIKATOR NUMERU KONTROLNEGO REKORDU
podpole kontrolne BPK
005 - DATA OSTATNIEJ MODYFIKACJI REKORDU
podpole kontrolne 20180426132614.0
008 - POLE O STAŁEJ DŁUGOŚCI - DANE KONTROLNE
podpole kontrolne o stałej długości 160104s2000 pl n f |000 0pol
040 ## - ŹRÓDŁO KATALOGOWANIA
Instytucja, która utworzyła rekord BPK
100 ## - NAZWA OSOBOWA
Nazwa osobowa KOPCZEWSKI, Marian.
Lata pracy 1997 - .
Instytucja Politechnika Koszalińska - Wydział Elektroniki,
Wydział Katedra Teorii Obwodów i Układów Elektronicznych
245 ## - TYTUŁ/ODPOWIEDZIALNOŚĆ
Tytuł Dowodzenie według procedur NATO :
Ciąg dalszy tytułu obowiązujące pojęcia /
Pozostałe elementy strefy tytułu i oznaczenia odpowiedzialności M. Kopczewski, J. Ostapko.
260 ## - STREFA ADRESU WYDAWNICZEGO
Data publikacji, dystrybucji/powstania dokumentu 2000.
500 ## - UWAGI OGÓLNE
Tekst uwagi sprawozdanie jednostki (Informator o publikowanych wynikach prac naukowo-badawczych w 2000 roku Wydziału Elektroniki).
520 ## - UWAGA DOTYCZĄCA TREŚCI DOKUMENTU
Analiza dokumentacyjna, adnotacja itp. Jednym z najważniejszych zadań, stojących przed wojskami WLOP, jest osiągnięcie pełnej integracji z OP NATO. Integrowanie wojsk OPL wynika z potrzeby bezpośredniego współdziałania, w ramach jednolitego systemu OP Sojuszu, w zakresie: planowania, organizaowania i samej walki. Każdy oficer naszych wojsk musi zatem jednoznacznie interpretować ogólne pojęcia dotyczące OP we wszystkich państwach Sojuszu.
650 #0 - HASŁO PRZEDMIOTOWE W FORMIE NAZWY OGÓLNEJ LUB JEDNOSTKOWEJ
Nazwa ogólna lub geograficzna Dowodzenie (wojsk.).
650 #0 - HASŁO PRZEDMIOTOWE W FORMIE NAZWY OGÓLNEJ LUB JEDNOSTKOWEJ
Nazwa ogólna lub geograficzna NATO.
773 ## - TYTUŁ DOKUMENTU MACIERZYSTEGO
Wyrażenie wprowadzające W :
Tytuł Przegląd Wojsk Lotniczych i Obrony Powietrznej. -
Informacje dotyczące relacji 05.05.2000, s. 26-34
942 ## - HASŁO DODATKOWE - ELEMENTY(KOHA)
Typ dokumentu Artykuł
Schemat klasyfikacji Uniwersalna klasyfikacja dziesiętna

Brak dostępnych egzemplarzy.

© 2014 Biblioteka Politechniki Koszalińskiej :: BIBLIOGRAFIA PRAC PRACOWNIKÓW